00446nmm a2200169Ia 4500008004100000020001800041041000800059100001700067245002100084264004200105300001800147490001400165650002200179856005100201942000700252999001700259251105s9999||||xx |||||||||||||||||und|| a9788499531823 aspa aValera, Juan 0aJuanita la larga a[Madrid, España] :bLinkgua, c2016 a140 páginas aNarrativa aSpanish narrative uhttps://public.digitaliapublishing.com/a/16319 cCF c93059d93059